| 000 | 00567nam a2200181Ia 4500 | ||
|---|---|---|---|
| 003 | IN-BaIIA | ||
| 008 | 211028s9999 xx 000 0 eng d | ||
| 020 | _a0-87044-764-5 | ||
| 040 | _cIIA Library | ||
| 080 |
_a83.86 _bGAR |
||
| 100 |
_aGarrett, W. E. _916936 |
||
| 245 | 0 |
_aNational Geographic Index 1888-1988 _cW. E. Garrett |
|
| 260 |
_aWashington _bNational Aeronautics and Space Administration _c1989 |
||
| 300 | _a1215p. | ||
| 650 | _aNASA Thesaurus | ||
| 650 |
_aNational Geographic Index _916937 |
||
| 942 | _cBK | ||
| 999 |
_c9976 _d9976 |
||